000 01737cam a22004454i 4500
003 PE-LiUPU
005 20250731175627.0
008 190807s2011 xxu r 000 0 spa d
020 _a8498368987
020 _a9788498368987
035 _a(Sirsi) a252410
040 _aPE-LiUPU
_bspa
_cPE-LiUPU
_erda
049 _aPRUA
082 0 4 _a418
_bD8
_223
245 0 0 _aDiscurso y mente: de los textos especializados a los traducidos /
_ceditores, María Amparo Olivares Pardo.
264 1 _aGranada :
_bComares,
_c2011.
300 _a185 páginas :
_bilustraciones ;
_c24 centímetros.
336 _atext
_2rdacontent
337 _aunmediated
_2rdamedia
338 _avolume
_2rdacarrier
490 0 _aInterlingua ;
_v102
504 _aBibliografía al final de cada capítulo.
505 0 _aLenguaje y mente, operaciones cognitivas y psicología del discurso -- Los textos / discursos de especialidad y de divulgación -- Discurso literario, cultura y traducción.
526 _aP145
526 _aP127
526 _aP97
526 _aP35
526 _aP14
526 _aP07
541 _g002-00001573;
650 0 4 _aTeoría de la traducción literaria.
_0(BE-AnANE).
650 0 4 _aCiencia de la traducción
_0(BE-AnANE).
700 1 _aOlivares Pardo, María Amparo,
_eeditor.
700 1 _aSopeña Balordi, A. E.,
_eeditor.
910 _abgr
_bksl
_cksl
_d20190807
942 _2ddc
_cBOOK
994 _aC0
_bPEPRU
596 _a1
999 _a418 D8
_wDEWEY
_c31636
_i80503
_f2021-11-8
_g3
_lCCODEBUL1
_mBUL
_p29.00
_r0
_sY
_tBOOK
_u2019-8-7
_xEDUCACION
_PP33
_0COMPRA
_1FCOMPR3
_o.STAFF. Colección Ciencias de la Salud
_d31636
980 _81
_gALBERTO SANCHEZ Responsable de Automatización